004270000a22001210004500090001700000245011800017041001400135700002600149100003700175942001300212773006300225999001700288 aASbSeriadas10aNueva especie de Centrolenella noble, 1920 (Amphibia: Anura: Centrolenidae) de la Cordillera Oriental de Colombia0 aEspañol1 aLynch, John D.9929071 aRuíz Carranza, Pedro M.994187 cARTICULO1 tTrianeakActa Científica y Tecnológicah3q67-75d1989 c16179d16179